Les pays dont la population parle arabe - Statistiques

Statistiques générales
  • Ce quiz a été pris 320 fois
    315 depuis la dernière actualisation
  • Le résultat moyen est 17 sur 21
Statistiques - réponses
Pays Pourcentage % Correct
Algérie 90%
99%
Maroc 92%
99%
Tunisie 99%
97%
Arabie Saoudite 85%
92%
Egypte 99%
92%
Irak 73%
90%
Emirats Arabes Unis 82%
87%
Libye 95%
87%
Liban 99%
86%
Qatar 21%
86%
Yémen 99%
86%
Oman 78%
83%
Syrie 90%
83%
Jordanie 96%
80%
Koweït 77%
76%
Soudan 82%
74%
Mauritanie 89%
71%
Bahreïn 71%
69%
Israël 20%
57%
Tchad 60%
55%
Malte 77%
15%
Aucun quiz correspondant
Distribution des résultats
% des personnes avec chaque résultat
Percentile par nombre de réponses
Votre historique - résultats
Vous n’avez pas pris ce quiz depuis la dernière actualisation